000
00363nam a2200133Ia 4500
008
151001s9999||||xx |||||||||||||| ||und||
100
_a
हरी नारायण आपटे
245
_a
गड आला पण सिंह गेला
250
_a
21
260
_b
आंबेरकर द.वा.
260
_c
1967
300
_a
160
365
_b
18
999
_c
959282
_d
959279